Normal view
MARC view
Entry Personal Name
001 - CONTROL NUMBER
- control field: 2001
003 - CONTROL NUMBER IDENTIFIER
- control field: NLI
005 - DATE AND TIME OF LATEST TRANSACTION
- control field: 20210225165741.0
008 - FIXED-LENGTH DATA ELEMENTS
- fixed length control field: 210225|| aca||aabn | a|a d
040 ## - CATALOGING SOURCE
- Original cataloging agency: NLI
- Transcribing agency: NLI
100 ## - HEADING--PERSONAL NAME
- Personal name: Raj, Hirakjyoti
670 ## - SOURCE DATA FOUND
- Source citation: Work cat.: (NLI): Raj, Hirakjyoti, Quest : a comprehensive guide to UG microbiology, 2020
